MARC

LEADER 00000nam0a2200000 4500
001 278233
005 20231101235107.0
020 |a RU  |b 86-34471 
035 |a (RuTPU)RU\TPU\book\301510 
090 |a 278233 
100 |a 20141209d1986 km y0rusy5003 ca 
101 0 |a rus 
102 |a RU 
105 |a a z 001zy 
200 1 |a Технология и обеспечение ресурса самолетов  |f Л. Д. Брондз 
210 |a Москва  |c Машиностроение  |d 1986 
215 |a 184 с.  |c ил. 
320 |a Библиогр.: с. 178-180 (67 назв.) 
606 1 |a Самолеты  |x Технология  |2 stltpush  |3 (RuTPU)RU\TPU\subj\53678  |9 71845 
610 1 |a авиационные материалы 
610 1 |a физико-механические свойства 
610 1 |a ресурс 
610 1 |a усталостные повреждения 
610 1 |a конструкции 
610 1 |a напряжения 
610 1 |a технологические средства 
610 1 |a упрочнение 
675 |a 629.73.002  |z rus  |v 4 
700 1 |a Брондз  |b Л. Д.  |g Леон Давидович  |4 070 
801 0 |a RU  |b RuMRKP  |c 19950704  |g psbo 
801 1 |a RU  |b 63413507  |c 20141209 
801 2 |a RU  |b 63413507  |c 20170410  |g RCR 
942 |c BK